Oracle8i DBA (Record no. 12544)

000 -LEADER
fixed length control field 00668cam a2200205 a 4500
040 ## - CATALOGING SOURCE
Transcribing agency CtWfDGI
082 04 - DEWEY DECIMAL CLASSIFICATION NUMBER
Classification number 005 HUN 2002 A007 Or.
100 1# - MAIN ENTRY--AUTHOR NAME
Personal name Bersinic, Damir.
245 10 - TITLE STATEMENT
Title Oracle8i DBA
Remainder of title architecture and administration certification bible /
246 3# - VARYING FORM OF TITLE
Title proper/short title Oracle 8i DBA
260 ## - PUBLICATION, DISTRIBUTION, ETC. (IMPRINT)
Place of publication New York :
Name of publisher Hungry Minds, Inc.,
Year of publication c2002
500 ## - GENERAL NOTE
General note Study guide for Oracle 8i DBA certification, exam 1Z0-023.
500 ## - GENERAL NOTE
General note Title from title screen.
650 #0 - SUBJECT ADDED ENTRY--TOPICAL TERM
Topical Term Database management
650 #0 - SUBJECT ADDED ENTRY--TOPICAL TERM
Topical Term Electronic data processing personnel
700 1# - ADDED ENTRY--PERSONAL NAME
Personal name Ross, Todd.
700 1# - ADDED ENTRY--PERSONAL NAME
Personal name Sabinin, Yury.
856 40 - ELECTRONIC LOCATION AND ACCESS
Uniform Resource Identifier http://www.books24x7.com/marc.asp?isbn=0764548174
942 ## - ADDED ENTRY ELEMENTS (KOHA)
Koha item type សៀវភៅភាសាអង់គ្លេស
952 ## - LOCATION AND ITEM INFORMATION (KOHA)
Withdrawn status [LOCAL, KOHA] 0
Holdings
Permanent Location Date acquired Koha item type Lost status Shelving location Barcode Current Location Full call number
Library Block A2017-08-14សៀវភៅភាសាអង់គ្លេស A007A16365Library Block A005 HUN 2002 A007 Or.
មជ្ឈមណ្ឌលឯការនៃសាកលវិទ្យាល័យភូមិន្ទកសិកម្មចំការដូង

Powered by Koha